100 osobností světového letectví
| Main Authors: | , |
|---|---|
| Other Authors: | |
| Format: | Book |
| Language: | Czech Polish English |
| Published: |
Praha
Rebo
2006
|
| Edition: | 1. vyd. |
| Subjects: |
MARC
| LEADER | 00000nam a2200000 a 4500 | ||
|---|---|---|---|
| 001 | vtls008775338 | ||
| 003 | SK-MaSNL | ||
| 005 | 20260301175742.0 | ||
| 008 | 240318s2006 xr o f 000 0dcze | ||
| 020 | |a 8072344269 |q (viaz.) | ||
| 040 | |a SNK |b slo |c SNK |e AACR2 | ||
| 041 | 1 | |a cze |h pol |h eng | |
| 044 | |a xr |c CZ | ||
| 072 | 7 | |a 629 |x Dopravné prostriedky |2 konspekt | |
| 072 | 7 | |a 929 |x Biografie |2 konspekt | |
| 080 | |a 629.7 |2 2001 | ||
| 080 | |a 629.73-051 |2 2001 | ||
| 080 | |a 629.7-051 |2 2001 | ||
| 080 | |a (048.8) |2 2001 | ||
| 100 | 1 | |a Gotowała, Jerzy, |d 1941- |4 aut |9 550072 | |
| 245 | 1 | 0 | |a 100 osobností světového letectví |c Jerzy Gotowała, Andrzej Przedpełski ; [z anglického překladu a polského originálu přeložil Marek Týbl] |
| 246 | 3 | |a Sto osobností světového letectví | |
| 250 | |a 1. vyd. | ||
| 260 | |a Praha |b Rebo |c 2006 | ||
| 300 | |a 199 s. |b fotogr., ilustr., mp. |c 31 cm | ||
| 650 | 0 | 7 | |a dejiny letectva |2 SNKPH |9 112188 |
| 650 | 0 | 7 | |a letci |2 SNKPH |9 30031 |
| 650 | 0 | 7 | |a leteckí konštruktéri |2 SNKPH |9 90321 |
| 655 | 7 | |a prehľady |2 SNKPH |9 70194 | |
| 700 | 1 | |a Przedpełski, Andrzej |4 aut |9 550073 | |
| 700 | 1 | |a Týbl, Marek |4 trl |9 550074 | |
| 919 | |a 80-7234-426-9 | ||
| 999 | |c 843921 |d 845851 | ||
| 952 | |t snkSTO 629.7:929 |a SNKUST |b SNKUST |y PREZ |7 0 |p 17A0510152 |o snkIB 71230 |i snk2006/12560 |8 3 |g 25.69 |0 0 |1 0 |4 0 |d 2006-06-22 |l 0 |r 2025-04-29 00:00:00 |w 2026-02-24 | ||


